Statistics for Battlefield 4 Weapons and Gadgets Quiz

Click here to take the quiz!

General Stats

  • This quiz has been taken 410 times
  • The average score is 30 of 143

Answer Stats

HintAnswer% Correct
M4
80%
AK-12
63%
Assault RifleSCAR-H
59%
M416
54%
M16A4
53%
M9
52%
FAMAS
44%
ACE 23
43%
M1911
41%
AEK-971
38%
P90
38%
AK 5C
37%
G18
37%
M249
37%
Side ArmP226
36%
CarbinesACW-R
35%
SAR-21
35%
44 MAGNUM
33%
MG4
33%
SRR-61
33%
UMP-45
32%
SCOUT
31%
F2000
30%
AUG A3
29%
SKS
29%
KnifeBAYONET
28%
LSAT
28%
MP7
27%
PDWPP-2000
27%
RGO IMPACT
27%
SPAS-12
27%
Shotguns870
26%
AKU-12
26%
G36C
26%
Sniper RifleM40A5
26%
M98B
26%
UMP-9
26%
MX4
25%
Engineer GadgetREPAIR TOOL
25%
DMRRFB
25%
RPK-12
25%
GOL MAGNUM
24%
M240B
24%
SG553
24%
SHANK
24%
L85A2
23%
M1014
23%
M67 FRAG
23%
MTAR-21
23%
SCOUT ELITE
23%
PDW-R
22%
SCAR-H SV
22%
CS-LR4
21%
DAO-12
21%
JNG-90
21%
MEDIC BAG
21%
PKP PECHENEG
21%
SAIGA 12K
21%
SV-98
21%
93R
20%
ACE 21 CQB
20%
ACE 52 CQB
20%
AMMO BOX
20%
BOWIE
20%
HAND FLARE
20%
MP443
20%
LMGTYPE 88 LMG
20%
AS VAL
19%
COMPACT 45
19%
CZ-75
19%
FY-JS
19%
T-UGS
19%
Hand GrenadeV40 MINI
19%
CZ-805
18%
DEFIBRILLATOR
18%
EOD BOT
18%
FN57
18%
M60-E4
18%
M39 EMR
17%
MACHETE
17%
MK11 MOD 0
17%
SHORTY 12G
17%
SVD-12
17%
U-100 MK5
17%
338-RECON
16%
ACB-90
16%
L96A1
16%
M412 REX
16%
MAV
16%
Support GadgetAMMO PACK
15%
CBJ-MS
15%
HAWK 12G
15%
RADIO BEACON
15%
A-91
14%
BOOT
14%
DBV-12
14%
JS2
14%
M26 MASS
14%
M2 SLAM
14%
ACE 53 SV
13%
M84 FLASHBANG
13%
MOTION SENSOR
13%
Rcon GadgetPLD
13%
QBU-88
13%
UTS 15
13%
XM25
13%
M18 CLAYMORE
12%
M18 SMOKE
12%
M26 DART
12%
QBZ-95-1
12%
RPG-7V2
12%
SEAL
12%
SOFLAM
12%
SURVIVAL
12%
CARBON FIBER
11%
CZ-3A1
11%
RPK-74M
11%
TRENCH
11%
IMPROVISED
10%
M26 FRAG
10%
M34 INCENDIARY
10%
QBB-95-1
10%
M26 SLUG
9%
M320 SMOKE
9%
C4 EXPLOSIVES
8%
Assault GadgetFIRST AID PACK
8%
M15 AT MINE
8%
M320 LVG
8%
MK153 SMAW
8%
MP-APS
8%
SA-18 IGLA
8%
TYPE-95B-1
8%
M224 MORTAR
7%
M320 DART
7%
M320 FB
7%
XM25 DART
7%
XM25 SMOKE
7%
FGM-172 SRAW
5%
FGM-148 JAVELIN
3%
QBZ-92
3%
FM-92 STINGER
1%
0BS-09
0%

Score Distribution

Percentile by Number Answered

Percent of People with Each Score

Your Score History

You have not taken this quiz